Guess The Singer As A Child #3 - Statistics

General Stats
  • This quiz has been taken 129 times
  • The average score is 5 of 12
Answer Stats
Picture Answer % Correct
Ed Sheeran
91%
Sam Smith
70%
Billie Eilish
64%
Harry Styles
64%
Miley Cyrus
56%
Doja Cat
38%
Charlie Puth
31%
Whitney Houston
22%
Alicia Keys
10%
Mac Miller
9%
Roger Waters
7%
Tame Impala
3%
No matching quizzes found
Score Distribution
Percent of People with Each Score
Percentile by Number Answered
Your Score History
You have not taken this quiz